[Event "OGOLNOPOLSKA OLIMPIADA MLODZIEZY<br/>MISTRZOSTWA POLSKI JUNIOROW 2016 - C14"]
[Site "Olecko"]
[Date "2016-05-07"]
[Round "1.1"]
[White "Strzelecki, Maciej"]
[Black "Pultorak, Jan"]
[Result "1-0"]
[WhiteTitle "I"]
[BlackTitle "FM"]
[WhiteElo "1813"]
[BlackElo "2301"]

1. e4 c5 2. Nf3 d6 3. d4 Nf6 4. Nc3 cxd4 5. Nxd4 a6 6. Nb3 e6 7. g4 b5 8. Bg2 Bb7
9. g5 b4 10. Nd5 exd5 11. gxf6 dxe4 12. fxg7 Bxg7 13. Qg4 Bf6 14. Qf5 Rg8 15.
Na5 Qd7 16. Qxf6 Rxg2 17. Bg5 Rxg5 18. Qxg5 Nc6 19. Nxb7 Qxb7 20. O-O-O Ne7 21.
Qf6 d5 22. Qe5 1-0

[Event "OGOLNOPOLSKA OLIMPIADA MLODZIEZY<br/>MISTRZOSTWA POLSKI JUNIOROW 2016 - C14"]
[Site "Olecko"]
[Date "2016-05-07"]
[Round "1.2"]
[White "Psyk, Radoslaw"]
[Black "Mike, Patryk"]
[Result "1-0"]
[WhiteTitle "k"]
[BlackTitle "I"]
[WhiteElo "2219"]
[BlackElo "1804"]

1. f4 d5 2. Nf3 Nf6 3. e3 c5 4. b3 Nc6 5. Bb2 e6 6. Bb5 Bd6 7. O-O O-O 8. Bxc6
bxc6 9. Ne5 Bxe5 10. fxe5 Nd7 11. Qg4 Qe7 12. d3 f5 13. Qg3 Ba6 14. c4 Rfd8 15.
Nc3 Nb6 16. Rad1 Bb7 17. Ba3 a5 18. d4 dxc4 19. Bxc5 Qc7 20. e4 Ba6 21. exf5 cxb3
22. fxe6 Bxf1 23. Rxf1 bxa2 24. Qf2 Nd5 25. Nxd5 cxd5 26. e7 h6 27. exd8=Q+ Rxd8
28. Qxa2 Kh8 29. e6 Qc6 30. e7 Re8 31. Qb1 a4 32. Rf8+ Rxf8 33. exf8=Q# 1-0

[Event "OGOLNOPOLSKA OLIMPIADA MLODZIEZY<br/>MISTRZOSTWA POLSKI JUNIOROW 2016 - C14"]
[Site "Olecko"]
[Date "2016-05-07"]
[Round "1.3"]
[White "Musial, Tomasz"]
[Black "Teclaf, Pawel"]
[Result "0-1"]
[WhiteTitle "II+"]
[BlackTitle "CM"]
[WhiteElo "1799"]
[BlackElo "2214"]

1. e4 c5 2. c3 Nf6 3. e5 Nd5 4. d4 cxd4 5. Qxd4 e6 6. Nf3 Nc6 7. Qe4 d6 8. Bb5
Bd7 9. c4 Nc7 10. Bg5 Qb8 11. exd6 Bxd6 12. O-O h6 13. Be3 Nxb5 14. cxb5 Ne5 15.
Nd4 O-O 16. Nc3 f5 17. Qh4 Ng4 18. g3 e5 19. Nb3 Qe8 20. a4 Be7 21. Qh3 f4 22.
gxf4 exf4 23. Bc5 Ne3 24. Qf3 Bxc5 25. fxe3 Qxe3+ 26. Qxe3 Bxe3+ 27. Kg2 Be6 28.
Na5 Rac8 29. Nxb7 Rxc3 30. bxc3 Bd5+ 31. Kh3 Bxb7 32. Ra3 g5 33. c4 Bc8+ 34. Kg2
Bc5 35. Rb3 g4 36. h3 Bb7+ 0-1

[Event "OGOLNOPOLSKA OLIMPIADA MLODZIEZY<br/>MISTRZOSTWA POLSKI JUNIOROW 2016 - C14"]
[Site "Olecko"]
[Date "2016-05-07"]
[Round "1.4"]
[White "Kosakowski, Jakub"]
[Black "Namyslak, Piotr"]
[Result "0-1"]
[WhiteTitle "k"]
[BlackTitle "I"]
[WhiteElo "2202"]
[BlackElo "1775"]

1. e4 e6 2. d4 d5 3. Nc3 Nf6 4. e5 Nfd7 5. f4 c5 6. Nf3 Nc6 7. Be3 cxd4 8. Nxd4
Bc5 9. Qd2 a6 10. O-O-O O-O 11. Nb3 Bxe3 12. Qxe3 b5 13. g4 Qb6 14. Qxb6 Nxb6
15. Nc5 b4 16. N3a4 Nxa4 17. Nxa4 a5 18. Bb5 Na7 19. Bd3 Bb7 20. Nc5 Bc6 21. Rhe1
Bb5 22. f5 Bxd3 23. Rxd3 Rfc8 24. Nb7 Nb5 25. Nd6 Rc5 26. Re2 Ra6 27. Nxb5 Rxb5
28. Rf3 Rb8 29. f6 g6 30. Rd3 Rc6 31. c3 Rc4 32. Rd4 Rxd4 33. cxd4 Rc8+ 34. Rc2
Rc4 35. Kd2 Rxd4+ 36. Ke3 Re4+ 37. Kf3 h5 38. g5 Rc4 39. Rxc4 dxc4 40. Ke4 a4
41. Kd4 c3 42. bxc3 b3 43. axb3 a3 0-1

[Event "OGOLNOPOLSKA OLIMPIADA MLODZIEZY<br/>MISTRZOSTWA POLSKI JUNIOROW 2016 - C14"]
[Site "Olecko"]
[Date "2016-05-07"]
[Round "1.5"]
[White "Kawaler, Adam"]
[Black "Mis, Mieszko"]
[Result "0-1"]
[WhiteTitle "I"]
[BlackTitle "I+"]
[WhiteElo "1764"]
[BlackElo "2069"]

1. c4 c5 2. Nc3 Nc6 3. g3 g6 4. Bg2 Bg7 5. e3 e5 6. Nge2 Nge7 7. O-O O-O 8. f4
d6 9. b3 Be6 10. fxe5 dxe5 11. Ne4 b6 12. Bb2 Rc8 13. Ng5 Bg4 14. Bf3 Bxf3 15.
Nxf3 e4 16. Bxg7 exf3 17. Bxf8 fxe2 18. Qxe2 Qxf8 19. Rad1 Rd8 20. Rf6 Qg7 21.
Qf3 Ne5 22. Qf4 Ng4 23. Rd6 Rxd6 24. Qxd6 Qh6 25. h4 Nf5 26. Qb8+ Kg7 27. Rf1
Nfxe3 28. Rf4 g5 29. Rxf7+ Kxf7 30. dxe3 Qe6 31. Qb7+ Kg6 32. Kh1 gxh4 33. gxh4
Kh6 34. Kg2 Nxe3+ 35. Kf3 Nf5 36. Qb8 Nxh4+ 37. Kf2 Qf6+ 38. Kg3 Kh5 39. Qb7 Nf5+
40. Kg2 Qg5+ 41. Kf2 Qe3+ 42. Kg2 Nh4+ 43. Kh2 Qf2+ 44. Kh3 Qf3+ 0-1

[Event "OGOLNOPOLSKA OLIMPIADA MLODZIEZY<br/>MISTRZOSTWA POLSKI JUNIOROW 2016 - C14"]
[Site "Olecko"]
[Date "2016-05-07"]
[Round "1.6"]
[White "Ochowicz, Jakub"]
[Black "Mietkiewicz, Jacek"]
[Result "1-0"]
[WhiteTitle "I+"]
[BlackTitle "I"]
[WhiteElo "2040"]
[BlackElo "1750"]

1. e4 e6 2. d4 d5 3. e5 c5 4. c3 Nc6 5. Nf3 Qb6 6. a3 Nh6 7. Bd3 cxd4 8. cxd4 Nf5
9. Bxf5 exf5 10. Nc3 Be6 11. O-O Be7 12. Na4 Qc7 13. b4 b6 14. Qd3 Rc8 15. Bd2
O-O 16. Rfc1 Qd7 17. Nc3 h6 18. g3 Kh7 19. Kg2 Rg8 20. h4 Rgd8 21. Rh1 Kg8 22.
Ne2 Bf8 23. Nf4 Nb8 24. Nh5 Qe7 25. g4 g6 26. Nf6+ Kh8 27. h5 Nd7 28. Nxd7 Qxd7
29. hxg6 fxg6 30. Bxh6 Bxh6 31. Rxh6+ Kg7 32. Rah1 Rh8 33. Rxh8 Rxh8 34. Rxh8
Kxh8 35. g5 Qh7 36. Qb5 Qh5 37. Qd3 f4 38. Kf1 a6 39. Ke2 b5 40. Qd2 Qg4 41. Qc3
Bf5 42. Kd2 Be4 43. Ne1 Qxg5 44. Qc8+ Kh7 45. Qd7+ Kh6 46. f3 Bf5 47. Qxd5 Qg1
48. Qc5 Qe3+ 49. Kd1 Qxa3 50. Qc1 Qb3+ 51. Ke2 Kg5 52. Qd2 Qc4+ 53. Kf2 Bh3 54.
Ng2 Qf7 55. Kg1 Be6 56. Qe1 Qh7 57. Qc1 Qf7 58. Qc5 Bd5 59. Kf2 Qe6 60. Qf8 Qf7
61. Qd8+ Kh6 62. Qh8+ 1-0

[Event "OGOLNOPOLSKA OLIMPIADA MLODZIEZY<br/>MISTRZOSTWA POLSKI JUNIOROW 2016 - C14"]
[Site "Olecko"]
[Date "2016-05-07"]
[Round "1.7"]
[White "Poziomkowski, Szymon"]
[Black "Nowak, Mikolaj"]
[Result "1/2-1/2"]
[WhiteTitle "I"]
[BlackTitle "I++"]
[WhiteElo "1726"]
[BlackElo "2024"]

1. e4 e5 2. Nf3 Nc6 3. Nc3 Nf6 4. d4 exd4 5. Nxd4 Bc5 6. Be3 Bb6 7. Be2 d6 8. O-O
O-O 9. Nxc6 bxc6 10. Qd3 Re8 11. Bf3 Bb7 12. Rfe1 Qe7 13. Rad1 Nd7 14. Be2 Qf6
15. Bxb6 axb6 16. Qg3 Qg6 17. Qxg6 hxg6 18. f4 Nf6 19. Bf3 Ra5 20. Kf2 b5 21.
a3 c5 22. e5 Bxf3 23. Kxf3 b4 24. axb4 cxb4 25. exf6 Rxe1 26. Rxe1 bxc3 27. Re8+
Kh7 28. fxg7 Kxg7 29. bxc3 Rc5 30. Re3 Kf6 31. g3 Rh5 32. h4 Rc5 33. g4 Rc4 34.
Kg3 Rc5 35. Kf3 Rc4 36. Rd3 Ra4 37. Rd4 Ra3 38. Rd3 Ra1 39. Re3 Rh1 40. Kg3 Rg1+
41. Kf3 c6 42. Re2 Rf1+ 43. Kg3 Rh1 44. Re3 Ra1 45. Kf3 Rc1 46. Re2 Rd1 47. Ke4
Ke5+ 1/2-1/2

[Event "OGOLNOPOLSKA OLIMPIADA MLODZIEZY<br/>MISTRZOSTWA POLSKI JUNIOROW 2016 - C14"]
[Site "Olecko"]
[Date "2016-05-07"]
[Round "1.8"]
[White "Lis, Mateusz"]
[Black "Wierzbicki, Michal"]
[Result "0-1"]
[WhiteTitle "I"]
[BlackTitle "I"]
[WhiteElo "1998"]
[BlackElo "1708"]

1. e4 e6 2. d4 d5 3. e5 c5 4. c3 Nc6 5. Nf3 Bd7 6. Be2 f6 7. O-O Qb6 8. exf6 Nxf6
9. dxc5 Bxc5 10. b4 Bd6 11. Na3 a6 12. Nc4 Qc7 13. Nxd6+ Qxd6 14. a4 Ne4 15. Qc2
Rc8 16. Qb3 Ne5 17. Nxe5 Qxe5 18. Bf3 Qxc3 19. Qa2 Qc2 20. Bb2 O-O 21. Bxe4 Qxe4
22. Qa3 Qf4 23. Rae1 Rf5 24. Qa1 Qxb4 25. Re3 g6 26. Ra3 Rc4 27. Bh8 Rf7 28. Rb1
Qc5 29. Rf3 d4 30. Rxf7 Kxf7 31. Re1 Bxa4 32. Qb2 Bc6 33. Qd2 Kg8 34. Bf6 Qd5
35. f3 Qf5 36. Be5 Rc2 37. Qh6 Rxg2+ 38. Kh1 Qf7 39. Rf1 Re2 40. Bf4 e5 0-1

[Event "OGOLNOPOLSKA OLIMPIADA MLODZIEZY<br/>MISTRZOSTWA POLSKI JUNIOROW 2016 - C14"]
[Site "Olecko"]
[Date "2016-05-07"]
[Round "1.9"]
[White "Kukorowski, Jan"]
[Black "Szczurek, Krzysztof"]
[Result "0-1"]
[WhiteTitle "I"]
[BlackTitle "I"]
[WhiteElo "1706"]
[BlackElo "1991"]

1. e4 c5 2. Nf3 d6 3. Bb5+ Bd7 4. Bxd7+ Nxd7 5. O-O g6 6. d4 Bg7 7. c3 e6 8. Bf4
Qb6 9. Qd2 Ngf6 10. Re1 O-O 11. Na3 d5 12. exd5 exd5 13. dxc5 Nxc5 14. Be3 a5
15. Rab1 a4 16. Nc2 Rad8 17. Nb4 Qd6 18. Bf4 Qd7 19. Qe3 Nce4 20. Ne5 Qf5 21.
f3 Nd6 22. Bg3 Rfe8 23. Qd3 Qc8 24. Bh4 Nf5 25. Bf2 Nh5 26. Ng4 Rxe1+ 27. Rxe1
Nf4 28. Qd2 Ne6 29. Rc1 h5 30. Ne3 Bh6 31. Rd1 Nf4 32. Nbc2 Re8 33. Kh1 Ne6 34.
Qxd5 Nxe3 35. Nxe3 Bxe3 36. Bxe3 Rd8 37. c4 Rxd5 38. cxd5 Qc2 39. Rc1 Qd3 40.
dxe6 Qxe3 41. exf7+ Kxf7 42. Rd1 Qe2 43. Rb1 Qc2 44. Re1 Qxb2 0-1

[Event "OGOLNOPOLSKA OLIMPIADA MLODZIEZY<br/>MISTRZOSTWA POLSKI JUNIOROW 2016 - C14"]
[Site "Olecko"]
[Date "2016-05-07"]
[Round "1.10"]
[White "Sanz Wawer, Daniel"]
[Black "Majocha, Piotr"]
[Result "0-1"]
[WhiteTitle "k"]
[BlackTitle "I"]
[WhiteElo "1988"]
[BlackElo "1703"]

1. d4 Nf6 2. c4 g6 3. f3 d5 4. cxd5 Nxd5 5. e4 Nb6 6. Nc3 Bg7 7. Be3 Nc6 8. d5
Ne5 9. Bd4 O-O 10. Be2 c6 11. f4 Ned7 12. Bxg7 Kxg7 13. dxc6 bxc6 14. Qd4+ Kg8
15. Nf3 Qc7 16. Qe3 Nf6 17. Ne5 Nbd7 18. Nxd7 Nxd7 19. O-O Qb6 20. Qxb6 axb6 21.
Rfd1 Nc5 22. Kf2 Na4 23. Nxa4 Rxa4 24. Bf3 Be6 25. a3 c5 26. Rac1 Raa8 27. Rd3
Rad8 28. Rcd1 Rxd3 29. Rxd3 Rb8 30. g4 Bc4 31. Rd7 Kf8 32. e5 Bb5 33. Rd2 Ke8
34. f5 Rd8 35. Rxd8+ Kxd8 36. Ke3 g5 37. Bd5 f6 38. exf6 exf6 39. b3 Kc7 40. Bg8
h6 41. Bc4 Bc6 42. a4 Kd6 43. Be2 Ke5 44. Bf1 Be4 45. Be2 Bc2 46. Bc4 Bd1 47.
h3 Bc2 48. Kd2 Be4 49. Ke3 Bg2 50. Kf2 Be4 51. Ke3 Bc6 52. Bb5 Bg2 53. Kf2 Bd5
54. Ke3 Bxb3 55. Be8 Bc4 56. Kf2 Kd4 57. Bc6 Bd5 58. Bb5 c4 59. Kf1 c3 60. Ke1
Bc4 61. Bc6 Bd5 62. Be8 Bf3 63. a5 bxa5 64. Ba4 Bg2 65. Kf2 Bxh3 66. Kg3 Bf1 67.
Kf2 Bd3 68. Ke1 c2 69. Kd2 Ke4 70. Be8 Kf4 71. Bh5 a4 72. Kc1 a3 73. Bf7 Kxg4
74. Bg8 h5 75. Bd5 h4 76. Kd2 h3 0-1

[Event "OGOLNOPOLSKA OLIMPIADA MLODZIEZY<br/>MISTRZOSTWA POLSKI JUNIOROW 2016 - C14"]
[Site "Olecko"]
[Date "2016-05-07"]
[Round "1.11"]
[White "Paliwoda, Borys"]
[Black "Kokoszczynski, Jan"]
[Result "0-1"]
[WhiteTitle "II"]
[BlackTitle "k"]
[WhiteElo "1694"]
[BlackElo "1983"]

1. e4 c5 2. Nf3 d6 3. d4 cxd4 4. Nxd4 Nf6 5. f3 g6 6. c4 Bg7 7. Be3 O-O 8. Nc3
Nc6 9. Qd2 Nxd4 10. Bxd4 Be6 11. Rc1 Qa5 12. Be2 Rfc8 13. b3 a6 14. a4 Nd7 15.
Bxg7 Kxg7 16. Qd4+ f6 17. O-O Qc5 18. Qxc5 Rxc5 19. Nd5 Bxd5 20. exd5 Rac8 21.
Rcd1 R5c7 22. Bd3 Nc5 23. Bc2 Rb8 24. a5 b5 25. axb6 Rxb6 26. Rb1 Rb4 27. Rfe1
Kf7 28. Re3 Ra7 29. Ra1 a5 30. Rc3 f5 31. Kf2 Kf6 32. g3 Ra6 33. Kg2 Ra7 34. Kf2
Ra6 35. Kg2 Rab6 36. Ra3 Rb8 37. Kf2 R8b7 38. Kg2 Ke5 39. Kf2 Kd4 40. Re3 a4 41.
bxa4 Kxc4 42. Bd3+ Kxd5 43. Bb5 Ra7 44. h4 e5 45. Ke2 Ke6 46. Bc6 Ra6 47. Bb5
Ra7 48. Bc6 Nxa4 49. Bxa4 Raxa4 50. Rxa4 Rxa4 51. Rb3 Ra7 52. Kd3 Rc7 53. Ke3
Rd7 54. Kd3 Rc7 55. Ke3 Kf6 56. Rd3 Rc6 57. Rb3 d5 58. Kd3 Ra6 59. Ke3 h6 0-1

[Event "OGOLNOPOLSKA OLIMPIADA MLODZIEZY<br/>MISTRZOSTWA POLSKI JUNIOROW 2016 - C14"]
[Site "Olecko"]
[Date "2016-05-07"]
[Round "1.12"]
[White "Golenia, Jan"]
[Black "Radecki, Adam"]
[Result "0-1"]
[WhiteTitle "I"]
[BlackTitle "I"]
[WhiteElo "1973"]
[BlackElo "1667"]

1. g3 d5 2. Bg2 c6 3. b3 e5 4. Bb2 Bd6 5. d3 Nf6 6. Nd2 Be6 7. e3 O-O 8. Ne2 Qd7
9. Nf3 e4 10. Nd2 exd3 11. cxd3 Qe7 12. O-O Nbd7 13. Rc1 Rfe8 14. Nf3 Rac8 15.
Qd2 c5 16. Rfd1 b5 17. Rc2 Nb6 18. Nc3 a6 19. e4 Bb8 20. Re1 dxe4 21. Nxe4 Nxe4
22. Rxe4 f5 23. Re1 Qd7 24. Nh4 Qf7 25. Qa5 Nd5 26. Rce2 Nb4 27. Rd1 Bc7 28. Qa3
a5 29. Bc3 Red8 30. Bxb4 cxb4 31. Qb2 Bd5 32. Nf3 Bxf3 33. Bxf3 Bb6 34. Qe5 Qd7
35. Qf4 Rc3 36. Re5 Bc7 37. d4 Rxf3 38. Qxf3 Bxe5 39. d5 Bd6 40. Qd3 f4 41. Rc1
fxg3 42. hxg3 g6 43. Rc6 Bf8 44. Qxb5 Qxd5 45. Qb6 Rd6 46. Rxd6 Bxd6 47. Qd8+
Kg7 48. Qd7+ Kh6 49. Qd8 Qe5 50. Kg2 Bc5 51. Qh4+ Kg7 52. Qc4 Qd4 53. Qe2 Qxf2+
54. Qxf2 Bxf2 55. Kxf2 Kf6 56. Ke2 h5 57. Kf2 g5 58. Ke3 Ke5 59. Kd3 Kd5 60. Ke3
h4 0-1

[Event "OGOLNOPOLSKA OLIMPIADA MLODZIEZY<br/>MISTRZOSTWA POLSKI JUNIOROW 2016 - C14"]
[Site "Olecko"]
[Date "2016-05-07"]
[Round "1.13"]
[White "Kucharski, Bartlomiej"]
[Black "Pacan-milej, Kosma"]
[Result "1/2-1/2"]
[WhiteTitle "II"]
[BlackTitle "I"]
[WhiteElo "1667"]
[BlackElo "1967"]

1. e4 e6 2. d3 d5 3. Nd2 c5 4. Ngf3 Nc6 5. g3 g6 6. Bg2 Bg7 7. O-O Nge7 8. Re1
b6 9. Qe2 Qc7 10. Nf1 d4 11. e5 Bb7 12. N1d2 h6 13. Nc4 Nc8 14. a4 a6 15. Nfd2
b5 16. axb5 axb5 17. Rxa8 Bxa8 18. Na3 Qb6 19. f4 O-O 20. Qg4 N8e7 21. Ne4 Nd5
22. Nd6 Ncb4 23. Be4 Ne7 24. Bxa8 Rxa8 25. Qf3 Rb8 26. c3 dxc3 27. bxc3 c4+ 28.
Be3 Qa6 29. cxb4 Qxa3 30. dxc4 Qxb4 31. Rc1 bxc4 32. Nxc4 Rc8 33. Nd6 Rxc1+ 34.
Bxc1 Nd5 35. Kg2 Qe1 36. Qf1 Qc3 37. Qc4 Qxc4 38. Nxc4 Bf8 39. Kf3 Bc5 40. Be3
Bxe3 1/2-1/2

[Event "OGOLNOPOLSKA OLIMPIADA MLODZIEZY<br/>MISTRZOSTWA POLSKI JUNIOROW 2016 - C14"]
[Site "Olecko"]
[Date "2016-05-07"]
[Round "1.14"]
[White "Szpar, Milosz"]
[Black "Maciejewski, Kamil"]
[Result "1-0"]
[WhiteTitle "I"]
[BlackTitle "I"]
[WhiteElo "1956"]
[BlackElo "1656"]

1. e4 e6 2. d4 d5 3. Nc3 Nf6 4. Bg5 Be7 5. e5 Nfd7 6. Bxe7 Qxe7 7. f4 a6 8. Nf3
c5 9. Qd2 Nc6 10. Be2 b5 11. O-O Bb7 12. Qe3 Rc8 13. a3 Na5 14. dxc5 Qxc5 15.
Nd4 Nc4 16. Bxc4 dxc4 17. Ne4 Bxe4 18. Qxe4 O-O 19. Kh1 Nb6 20. f5 Qd5 21. Qf4
Rcd8 22. c3 exf5 23. Nxf5 Qe6 24. Qg5 g6 25. Nh6+ Kg7 26. Nxf7 Rde8 27. Nd6 Rd8
28. Rf7+ Kg8 29. Re7 Qd5 30. Qh6 Rf7 31. Rxf7 Qxf7 32. Nxf7 Kxf7 33. Qxh7+ Kf8
34. Qh8+ 1-0

[Event "OGOLNOPOLSKA OLIMPIADA MLODZIEZY<br/>MISTRZOSTWA POLSKI JUNIOROW 2016 - C14"]
[Site "Olecko"]
[Date "2016-05-07"]
[Round "1.15"]
[White "Dixa, Oskar"]
[Black "Fus, Jakub"]
[Result "0-1"]
[WhiteTitle "I"]
[BlackTitle "I+"]
[WhiteElo "1630"]
[BlackElo "1936"]

1. e4 e6 2. d4 d5 3. Nc3 Bb4 4. e5 Ne7 5. Nf3 c5 6. Bd2 O-O 7. a3 Bxc3 8. Bxc3
b6 9. Bd3 h6 10. O-O Ba6 11. Bxa6 Nxa6 12. Qe2 Qc8 13. Rfd1 Qb7 14. b4 cxb4 15.
axb4 Nc7 16. Ra2 Qc6 17. Be1 Nb5 18. Rc1 Rfc8 19. c3 Qc4 20. Qd2 Nc6 21. Rcc2
a5 22. Qe3 Nba7 23. Nd2 Qb5 24. bxa5 Nxa5 25. h3 Qc6 26. Ra1 Nb5 27. Rac1 Na3
28. Ra2 N3c4 29. Nxc4 Nxc4 30. Qe2 Rxa2 31. Qxa2 Ra8 32. Qe2 Ra3 33. Rc2 Qa4 34.
Kh2 Qb3 35. Qd3 Qb1 36. Rd2 Nxd2 0-1

[Event "OGOLNOPOLSKA OLIMPIADA MLODZIEZY<br/>MISTRZOSTWA POLSKI JUNIOROW 2016 - C14"]
[Site "Olecko"]
[Date "2016-05-07"]
[Round "1.16"]
[White "Kozak, Antoni"]
[Black "Musiala, Jakub"]
[Result "1-0"]
[WhiteTitle "I"]
[BlackTitle "II+"]
[WhiteElo "1932"]
[BlackElo "1629"]

1. e4 c5 2. Nf3 e6 3. d4 cxd4 4. Nxd4 a6 5. Bd3 Qc7 6. O-O Nf6 7. Qe2 d6 8. c4
Nbd7 9. Nc3 Be7 10. f4 b6 11. Bd2 Bb7 12. b4 O-O 13. g4 Kh8 14. g5 Ng8 15. f5
e5 16. Nc2 f6 17. g6 h6 18. Ne3 Rfc8 19. Rac1 Qd8 20. Ncd5 Bf8 21. Rb1 Ne7 22.
Nxe7 Bxe7 23. Qh5 Bf8 24. Ng4 Qe7 25. Rf3 Kg8 26. Rh3 Rc7 27. Ne3 Rac8 28. c5
b5 29. c6 Bxc6 30. Bc2 Nb6 31. Bb3+ Nc4 32. Qf3 Kh8 33. Bxc4 bxc4 34. Ng4 Kg8
35. Bxh6 gxh6 36. Nxh6+ Bxh6 37. Rxh6 Qf8 38. Qh5 Qg7 39. Rh7 Qxh7 40. gxh7+ Rxh7
41. Qe2 Rg7+ 42. Kf2 Bb5 43. Rg1 Rcc7 44. Rxg7+ Rxg7 45. a4 Be8 46. Qxc4+ Bf7
47. Qxa6 1-0

[Event "OGOLNOPOLSKA OLIMPIADA MLODZIEZY<br/>MISTRZOSTWA POLSKI JUNIOROW 2016 - C14"]
[Site "Olecko"]
[Date "2016-05-07"]
[Round "1.17"]
[White "Galuszka, Tomasz"]
[Black "Pytel, Maciej"]
[Result "0-1"]
[WhiteTitle "II+"]
[BlackTitle "I"]
[WhiteElo "1586"]
[BlackElo "1904"]

1. e4 c5 2. Nf3 e6 3. d4 cxd4 4. Nxd4 Nc6 5. Nc3 Qc7 6. Be2 a6 7. O-O Nf6 8. Be3
b5 9. a3 Bb7 10. Kh1 h5 11. Nxc6 Bxc6 12. f3 Bd6 13. Bg1 h4 14. Bd3 Nh5 15. Ne2
Ng3+ 16. Nxg3 hxg3 17. h3 Bf4 18. Qe2 Qe5 19. Be3 Rh4 20. Bxf4 Qxf4 21. Rfe1 e5
22. Qe3 Qf6 23. Rad1 d6 24. Bf1 Bd7 25. Rd3 Rd8 26. Red1 Bc8 27. Qb6 Rh6 28. Qc6+
Kf8 29. a4 g5 30. axb5 axb5 31. Qb6 Kg7 32. Kg1 Kh7 33. Qe3 g4 34. fxg4 Bxg4 35.
hxg4 Rh1+ 0-1

[Event "OGOLNOPOLSKA OLIMPIADA MLODZIEZY<br/>MISTRZOSTWA POLSKI JUNIOROW 2016 - C14"]
[Site "Olecko"]
[Date "2016-05-07"]
[Round "1.18"]
[White "Golecki, Jan"]
[Black "Brzozowski, Pawel"]
[Result "1-0"]
[WhiteTitle "I+"]
[BlackTitle "II"]
[WhiteElo "1880"]
[BlackElo "1567"]

1. e4 e6 2. d4 d5 3. Nd2 Nf6 4. e5 Nfd7 5. c3 c5 6. Bd3 Nc6 7. Ne2 cxd4 8. cxd4
f6 9. exf6 Nxf6 10. Nf3 Bd6 11. O-O Qc7 12. g3 O-O 13. Bf4 Bd7 14. Rc1 Bxf4 15.
Nxf4 Qb6 16. Qd2 Rfe8 17. Rfe1 Rac8 18. Rc3 Re7 19. Rb3 Qc7 20. Bb1 Rce8 21. Ne5
Bc8 22. Qd1 Rf8 23. Nh5 Nxe5 24. Nxf6+ gxf6 25. dxe5 fxe5 26. Qd2 e4 27. Qd4 b6
28. Rc3 Qd6 29. Bxe4 Bb7 30. f4 e5 31. fxe5 Qe6 32. Bg2 Rff7 33. Rd3 Qf5 34. Rf3
Qe6 35. Rxf7 Rxf7 36. Bf1 1-0

[Event "OGOLNOPOLSKA OLIMPIADA MLODZIEZY<br/>MISTRZOSTWA POLSKI JUNIOROW 2016 - C14"]
[Site "Olecko"]
[Date "2016-05-07"]
[Round "1.19"]
[White "Rogala, Milosz"]
[Black "Pniaczek, Marek"]
[Result "1/2-1/2"]
[WhiteTitle "II"]
[BlackTitle "I+"]
[WhiteElo "1561"]
[BlackElo "1855"]

1. e4 e5 2. Nf3 Nc6 3. d4 exd4 4. Nxd4 Nf6 5. Nc3 Bb4 6. Nxc6 bxc6 7. Bd3 O-O 8.
Bg5 d5 9. Bxf6 Qxf6 10. O-O Bxc3 11. bxc3 dxe4 12. Bxe4 Qxc3 13. Qd3 Qxd3 14.
cxd3 Ba6 15. Rfc1 Rad8 16. Rxc6 Bxd3 17. Bxd3 Rxd3 18. Rxc7 Rfd8 19. g3 Ra3 20.
Kg2 g6 21. Rc2 Rd4 22. Rb1 Rda4 23. Rb8+ Kg7 24. Rb7 Ra6 25. Rcc7 Rf6 26. Rxa7
Rd3 27. Rc2 Rd1 28. Re2 g5 29. a4 Ra1 30. Ra5 h6 31. Ra8 Rc6 32. g4 Rc4 33. h3
Rcxa4 34. Rxa4 Rxa4 35. Rb2 Rf4 36. Rb7 Re4 37. Rb3 Kf6 38. Rb5 Re5 39. Rb6+ Re6
40. Rb5 Kg6 41. Rb8 Kg7 42. Rb5 Re4 43. Ra5 Rb4 44. Rf5 Kg6 45. Ra5 h5 46. Ra6+
Kg7 1/2-1/2

[Event "OGOLNOPOLSKA OLIMPIADA MLODZIEZY<br/>MISTRZOSTWA POLSKI JUNIOROW 2016 - C14"]
[Site "Olecko"]
[Date "2016-05-07"]
[Round "1.20"]
[White "Kopaczewski, Adam"]
[Black "Kopec, Norbert"]
[Result "0-1"]
[WhiteTitle "I"]
[BlackTitle "II"]
[WhiteElo "1854"]
[BlackElo "1558"]

1. e4 e5 2. d4 exd4 3. Qxd4 Nc6 4. Qe3 d6 5. Nc3 Nf6 6. Bd2 Be6 7. O-O-O Qe7 8.
Bb5 g6 9. f4 Bg7 10. h3 Bd7 11. g4 a6 12. Bc4 O-O-O 13. g5 Nh5 14. Nd5 Qe8 15.
Ne2 f5 16. Nec3 fxe4 17. Nxe4 Bf5 18. Rhe1 Qd7 19. Qa3 Kb8 20. Ba5 Nxa5 21. Qxa5
Qc6 22. Bb3 Rhe8 23. Nf2 Qd7 24. Ba4 c6 25. Qb6 Rxe1 26. Rxe1 Re8 27. Rd1 Qd8
28. Qb4 b5 29. Nc3 c5 30. Qb3 Be6 31. Nd5 Qa5 32. Qf3 bxa4 33. Qd3 Qb5 34. Qa3
Bxd5 35. Rxd5 Qf1+ 36. Nd1 Qxf4+ 37. Kb1 Re1 38. Qd3 Qb4 39. c3 Qe4 40. Qxe4 Rxe4
41. Rxd6 Kb7 42. Rd7+ Kc6 43. Ra7 Kb6 44. Rd7 Re5 45. Rd6+ Kb7 46. h4 Re4 47.
Nf2 Rxh4 48. Nd3 Rc4 49. Rd7+ Kc6 50. Re7 Kb5 51. a3 Rg4 52. Nf2 Rxg5 53. Ne4
Rg1+ 54. Kc2 Rg2+ 55. Kd3 h6 56. Rc7 Rh2 57. Rxc5+ Kb6 58. Rd5 Nf4+ 59. Kc4 Nxd5
60. Kxd5 Rxb2 61. c4 h5 62. Nd6 Rd2+ 63. Ke6 Rxd6+ 64. Kxd6 Bf8+ 0-1

[Event "OGOLNOPOLSKA OLIMPIADA MLODZIEZY<br/>MISTRZOSTWA POLSKI JUNIOROW 2016 - C14"]
[Site "Olecko"]
[Date "2016-05-07"]
[Round "1.21"]
[White "Skowron, Mateusz"]
[Black "Ossolinski, Ziemowit"]
[Result "0-1"]
[WhiteTitle "I"]
[BlackTitle "I"]
[WhiteElo "1508"]
[BlackElo "1849"]

1. e4 c5 2. Nc3 a6 3. f4 b5 4. g3 Bb7 5. Bg2 e6 6. d3 Nf6 7. Nf3 d5 8. e5 Nfd7
9. O-O Nc6 10. a3 Ne7 11. Qe1 h5 12. Nh4 g6 13. Nb1 Nf5 14. Nxf5 gxf5 15. h4 Qc7
16. Nd2 Be7 17. Bf3 d4 18. Qe2 Bxf3 19. Nxf3 Rg8 20. Kh2 Nb6 21. c3 dxc3 22. bxc3
Rd8 23. Bb2 c4 24. Rad1 cxd3 25. Rxd3 Rxd3 26. Qxd3 Nc4 27. Qe2 Nxa3 28. Ra1 Nc4
29. Rxa6 Nxb2 30. Qxb5+ Kf8 31. Qxb2 Kg7 32. Rb6 Ra8 33. Qb3 Ra3 34. Qb2 Qc4 35.
Kh3 Ra2 36. Qc1 Qe4 37. Nd2 Qe2 38. Rb7 Rxd2 39. Qxd2 Qxd2 40. Rxe7 Qf2 41. Rd7
Qg1 42. Rd2 Qh1+ 43. Rh2 Qf1+ 44. Rg2 f6 45. exf6+ Kxf6 46. Kh2 e5 47. fxe5+ Kxe5
48. c4 Qxc4 49. Rf2 Qc6 50. Rf4 Qc2+ 51. Kh3 Qe2 52. Ra4 Qf3 53. Kh2 Qg4 54. Rxg4
fxg4 55. Kg2 Ke4 56. Kf2 Kd3 57. Kg1 Ke3 58. Kg2 Ke2 59. Kg1 Kf3 60. Kh2 Kf2 0-1

[Event "OGOLNOPOLSKA OLIMPIADA MLODZIEZY<br/>MISTRZOSTWA POLSKI JUNIOROW 2016 - C14"]
[Site "Olecko"]
[Date "2016-05-07"]
[Round "1.22"]
[White "Godzwon, Iwo"]
[Black "Maciak, Jakub"]
[Result "1-0"]
[WhiteTitle "I"]
[BlackTitle "II"]
[WhiteElo "1836"]
[BlackElo "1465"]

1. e4 c5 2. Nf3 e6 3. d4 cxd4 4. Nxd4 Nc6 5. Nc3 Qc7 6. Be2 a6 7. O-O Nf6 8. Be3
Bb4 9. Nxc6 Qxc6 10. e5 Bxc3 11. bxc3 Nd5 12. Bd4 Nxc3 13. Bxc3 Qxc3 14. Qd6 Qc6
15. Qa3 Qe4 16. Rae1 Qxe5 17. f4 Qc7 18. f5 b6 19. Qb2 Rg8 20. Bh5 g6 21. fxg6
hxg6 22. Qf6 d6 23. Bf3 Ra7 24. Bg4 Qe7 25. Qb2 Qc7 26. Qb3 Qc5+ 27. Kh1 d5 28.
Bf3 Re7 29. Re2 Bd7 30. Rfe1 Bb5 31. Re5 Bc4 32. Qb2 Qb5 33. Qc3 Qc5 34. a3 Bb5
35. Qb2 Bc4 36. Qc1 Rh8 37. Qf4 Rh7 38. R5e3 Qc7 39. Re5 a5 40. h3 a4 41. Bg4
Qd6 42. Qf2 Qc5 43. Qg3 Qd6 44. Qc3 Qc7 45. Qb4 Qc6 46. R5e3 Rh4 47. Qd2 Qc5 48.
Qf2 Rh7 49. Qf6 d4 50. Re4 Bd5 51. Rxd4 Qc3 52. Qf2 Qxa3 53. c4 Bc6 54. Red1 Rd7
55. Rxd7 Bxd7 56. Qxb6 Qg3 57. Qd4 Qc7 58. Bf3 e5 59. Re1 f6 60. Qd5 Rf7 61. Rb1
Ke7 62. Qd3 Bf5 63. Qa3+ Kd8 64. Rb7 Qxc4 65. Qd6+ Bd7 66. Rb8+ Qc8 67. Qb6+ Ke7
68. Rxc8 Bxc8 69. Qc7+ Bd7 70. Bc6 Ke6 71. Bxd7+ Rxd7 72. Qc4+ Rd5 73. Qxa4 Kf5
74. Qg4# 1-0

[Event "OGOLNOPOLSKA OLIMPIADA MLODZIEZY<br/>MISTRZOSTWA POLSKI JUNIOROW 2016 - C14"]
[Site "Olecko"]
[Date "2016-05-07"]
[Round "1.23"]
[White "Bojczewski, Mateusz"]
[Black "Polczyk, Mikolaj"]
[Result "0-1"]
[WhiteTitle "II"]
[BlackTitle "I"]
[WhiteElo "1319"]
[BlackElo "1831"]

1. e4 e6 2. d4 d5 3. exd5 exd5 4. Bd3 Bd6 5. Nf3 Bg4 6. O-O Nc6 7. c3 Qd7 8. Bg5
f6 9. Bh4 O-O-O 10. Nbd2 Nge7 11. Bg3 Bf5 12. Qc2 Bxd3 13. Qxd3 Ng6 14. Bxd6 Qxd6
15. Nb3 Nf4 16. Qf5+ Kb8 17. Rfe1 Ne7 18. Rxe7 g6 19. Qg4 h5 20. Qg3 h4 21. Nxh4
Qxe7 22. Qxf4 g5 23. Nf5 Qh7 24. Qg4 Qxh2+ 25. Kf1 Rde8 26. Ne3 Re4 27. Qf5 Qf4
28. g3 Qxf5 29. Nxf5 Rh1+ 30. Kg2 Rxa1 31. Nxa1 Re2 32. Ne3 Rxb2 33. Nxd5 Rxa2
34. Nb3 Ra3 35. Nc5 c6 36. Nxf6 Rxc3 37. Nfe4 Rc4 38. f4 gxf4 39. gxf4 Rxd4 40.
f5 b6 41. f6 bxc5 42. f7 Rd8 43. Nxc5 a5 44. f8=Q Rxf8 45. Nd7+ Kb7 46. Nxf8 Kb6
47. Kf2 a4 48. Ne6 c5 49. Nf4 a3 50. Nd5+ Ka5 51. Nc3 Kb4 52. Na2+ Kb3 53. Nc1+
Kc2 54. Na2 Kb2 0-1